000 00475cam a2200193ua 4500
001 11733
008 191030n ii |||gr||||Z||||||eng
020 _a9788184000139
040 _cMAIN
082 _a823.914
100 _aAnita Desai,
_eAuthor.
245 _aIn custody
_cBy Anita Desai
250 _a1st ed.
260 _aHaryana:
_bPenguin Random House ,
_c2007.
300 _a233p.
653 _aEnglish fiction
653 _aIndian English literature
942 _cBK
999 _c10536
_d10536